Açıklamalı safahat lügatı (Record no. 12866)

000 -LEADER
fixed length control field 00874nmm a2200277 a 4500
001 - CONTROL NUMBER
control field ocm0001221630
003 - CONTROL NUMBER IDENTIFIER
control field TR-IsHL
005 - DATE AND TIME OF LATEST TRANSACTION
control field 20201028155015.0
008 - FIXED-LENGTH DATA ELEMENTS--GENERAL INFORMATION
fixed length control field 110704s2011 tu tur
007 - PHYSICAL DESCRIPTION FIXED FIELD--GENERAL INFORMATION
fixed length control field cr cn
035 ## - SYSTEM CONTROL NUMBER
System control number 1221630
-- (N$T)
050 04 - LIBRARY OF CONGRESS CALL NUMBER
Classification number PL248.E77
Item number S2 2011
090 04 - LOCALLY ASSIGNED LC-TYPE CALL NUMBER (OCLC); LOCAL CALL NUMBER (RLIN)
Classification number (OCLC) (R) ; Classification number, CALL (RLIN) (NR) PL248.E77
Local cutter number (OCLC) ; Book number/undivided call number, CALL (RLIN) S2 2011
100 1# - MAIN ENTRY--PERSONAL NAME
Personal name Ersoy, Mehmed Akif
245 10 - TITLE STATEMENT
Title Açıklamalı safahat lügatı
Medium [electronic resource] /
Statement of responsibility, etc. Mehmed Akif Ersoy ; hazırlayan Talip Mert
250 ## - EDITION STATEMENT
Edition statement 1. bs.
260 ## - PUBLICATION, DISTRIBUTION, ETC.
Place of publication, distribution, etc. İstanbul :
Name of publisher, distributor, etc. Yağmur Yayınevi,
Date of publication, distribution, etc. 2011
300 ## - PHYSICAL DESCRIPTION
Extent 392 p.
650 #4 - SUBJECT ADDED ENTRY--TOPICAL TERM
Topical term or geographic name entry element Dil ve Edebiyat
650 #4 - SUBJECT ADDED ENTRY--TOPICAL TERM
Topical term or geographic name entry element Language and Literature
650 #0 - SUBJECT ADDED ENTRY--TOPICAL TERM
Topical term or geographic name entry element Türk şiiri
650 #0 - SUBJECT ADDED ENTRY--TOPICAL TERM
Topical term or geographic name entry element Turkish poetry
650 #7 - SUBJECT ADDED ENTRY--TOPICAL TERM
Topical term or geographic name entry element POETRY / Middle Eastern
Source of heading or term bisacsh
700 1# - ADDED ENTRY--PERSONAL NAME
Personal name Mert, Talip
856 40 - ELECTRONIC LOCATION AND ACCESS
Uniform Resource Identifier <a href="http://search.ebscohost.com/login.aspx?direct=true&scope=site&db=e011xww&AN=1221630">http://search.ebscohost.com/login.aspx?direct=true&scope=site&db=e011xww&AN=1221630</a>
Holdings
Withdrawn status Lost status Source of classification or shelving scheme Damaged status Not for loan Collection code Permanent Location Current Location Date acquired Total Checkouts Full call number Barcode Date last seen Price effective from Koha item type
        Online   Kıbrıs Amerikan Üniversitesi Kütüphanesi / American University of Cyprus Kıbrıs Amerikan Üniversitesi Kütüphanesi / American University of Cyprus 28.10.2020   PL248.E77 S2 2011 1221630 28.10.2020 28.10.2020 E-Kitap
Devinim Yazılım Eğitim Danışmanlık tarafından Koha'nın orjinal sürümü uyarlanarak geliştirilip kurulmuştur.